Quellenschriften zur Geschichte des Unterrichts und der Erziehung bei den deutschen Juden. (Record no. 19153)

MARC details
000 -LEADER
fixed length control field 00784cam a22002411 4500
001 - CONTROL NUMBER
control field e 11000578
003 - CONTROL NUMBER IDENTIFIER
control field DLC
005 - DATE AND TIME OF LATEST TRANSACTION
control field 20260227111155.0
008 - FIXED-LENGTH DATA ELEMENTS--GENERAL INFORMATION
fixed length control field 770426s1891 gw 001 0 ger c
010 ## - LIBRARY OF CONGRESS CONTROL NUMBER
LC control number e 11000578
035 ## - SYSTEM CONTROL NUMBER
System control number (OCoLC)2917566
040 ## - CATALOGING SOURCE
Original cataloging agency U. S. Bureau of Education
Transcribing agency MdBT
Modifying agency MdBT
-- OCoLC
-- DLC
041 0# - LANGUAGE CODE
Language code of text/sound track or separate title engheb
042 ## - AUTHENTICATION CODE
Authentication code premarc
050 00 - LIBRARY OF CONGRESS CALL NUMBER
Classification number LA47
Item number .G93
100 1# - MAIN ENTRY--PERSONAL NAME
Personal name Güdemann, Moritz,
Dates associated with a name 1835-1918.
245 10 - TITLE STATEMENT
Title Quellenschriften zur Geschichte des Unterrichts und der Erziehung bei den deutschen Juden.
Remainder of title Von den ältesten Zeiten bis auf Mendelssohn,
Statement of responsibility, etc. von Dr. M. Güdemann.
260 ## - PUBLICATION, DISTRIBUTION, ETC.
Place of publication, distribution, etc. Berlin,
Name of publisher, distributor, etc. A. Hofmann,
Date of publication, distribution, etc. 1891.
300 ## - PHYSICAL DESCRIPTION
Extent xxxii, 324 p.
Dimensions 25 cm.
500 ## - GENERAL NOTE
General note German and Hebrew.
650 #0 - SUBJECT ADDED ENTRY--TOPICAL TERM
Topical term or geographic name entry element Jews
General subdivision Education.
650 #0 - SUBJECT ADDED ENTRY--TOPICAL TERM
Topical term or geographic name entry element Jews
Geographic subdivision Germany.

No items available.

Powered by Koha